LEADER 01822nam0 22004093i 450 001 VAN00290699 005 20251113091011.873 017 70$2N$a9783031526145 100 $a20250403d2024 |0itac50 ba 101 $aeng 102 $aCH 105 $a|||| ||||| 181 $ai$b e 182 $ab 183 $acr 200 1 $aArsenic Toxicity Remediation$eSustainable Nexus Approach$fNitish Kumar, Muhammad Zaffar Hashmi, Shuhong Wang editors 210 $aCham$cSpringer$d2024 215 $aX, 294 p.$cill.$d24 cm 410 1$1001VAN00238466$12001 $aEmerging Contaminants and Associated Treatment Technologies$1210 $aCham$cSpringer$d2020- 620 $aCH$dCham$3VANL001889 676 $a577.14$cChimica ambientale$v22 676 $a363.73$cInquinamento generale$v22 702 1$aHashmi$bMuhammad Z.$3VANV195498 702 1$aKumar$bNitish$3VANV223155 702 1$aWang$bShuhong$3VANV245903 712 $aSpringer $3VANV108073$4650 790 1$aHashmi, Muhammad Zaffar$zHashmi, Muhammad Z.$3VANV195499 790 1$aHashmi, M. Z.$zHashmi, Muhammad Z.$3VANV195500 790 1$aHashmi, M.Z.$zHashmi, Muhammad Z.$3VANV200940 801 $aIT$bSOL$c20251114$gRICA 856 4 $uhttps://link.springer.com/openurl?genre=book&isbn=978-3-031-52614-5$zE-book - Accesso al full-text attraverso riconoscimento IP di Ateneo, proxy e/o Shibboleth 899 $aBIBLIOTECA DEL DIPARTIMENTO DI SCIENZE E TECNOLOGIE AMBIENTALI BIOLOGICHE E FARMACEUTICHE$1IT-CE0101$2VAN17 912 $fN 912 $aVAN00290699 950 $aBIBLIOTECA DEL DIPARTIMENTO DI SCIENZE E TECNOLOGIE AMBIENTALI BIOLOGICHE E FARMACEUTICHE$d17CONS e-book 2395 $e17BIB2395/72 72 20250403 996 $aArsenic Toxicity Remediation$94154951 997 $aUNICAMPANIA